| Record ID | ia:findingcommonthr0000unse |
| Source | Internet Archive |
| Download MARC XML | https://archive.org/download/findingcommonthr0000unse/findingcommonthr0000unse_marc.xml |
| Download MARC binary | https://www.archive.org/download/findingcommonthr0000unse/findingcommonthr0000unse_meta.mrc |
LEADER: 01001cam a2200277 a 4500
001 2011039529
003 DLC
005 20140627081714.0
008 110930s2013 inua b 000 0 eng
010 $a 2011039529
020 $a9781587312540 (paperbound : alk. paper)
040 $aDLC$cDLC$dDLC
042 $apcc
050 00 $aPN49$b.F559 2013
082 00 $a809/.93382$223
245 00 $aFinding a common thread :$breading great texts from Homer to O'Connor /$cedited by Robert C. Roberts, Scott H. Moore, and Donald D. Schmeltekopf ; introduction by Robert C. Roberts.
260 $aSouth Bend, Ind. :$bSt. Augustine's Press,$cc2013.
300 $aviii, 352 p. :$bill. ;$c23 cm.
504 $aIncludes bibliographical references.
650 0 $aLiterature$xHistory and criticism.
650 0 $aChristianity and literature.
650 0 $aBooks and reading.
650 0 $aBest books.
700 1 $aRoberts, Robert Campbell,$d1942-
700 1 $aMoore, Scott H.,$d1964-
700 1 $aSchmeltekopf, Donald D.